Slovakia Slovenksko Municipalities Obce - Statistics

General Stats
  • This quiz has been taken 706 times
  • The average score is 137 of 2927
Answers on the Map
Answers color-coded by a green-red scale on the quiz's map according to % correct below.
 
Answer Stats
Answer % Correct
Koš
76%
Trenč
58%
Nitra
57%
Banská Bystrica
55%
Žilina
55%
Trnava
54%
Trenčín
53%
Poprad
51%
Prešov
51%
Martin
49%
Komárno
46%
Ružomberok
46%
Dunajská Streda
43%
Liptovský Mikuláš
43%
Zvolen
43%
Malacky
41%
Michalovce
41%
Vysoké Tatry
41%
Levice
40%
Brezno
39%
Nové Zámky
39%
Humenné
38%
Myjava
38%
Štúrovo
38%
Dolný Kubín
37%
Námestovo
37%
Rožňava
37%
Senica
37%
Senné
37%
Banská Štiavnica
36%
Čadca
36%
Pezinok
36%
Spišská Nová Ves
36%
Ilava
35%
Piešťany
35%
Bardejov
34%
Galanta
34%
Kežmarok
34%
Lučenec
34%
Modra
34%
Považská Bystrica
34%
Prievidza
34%
Rimavská Sobota
34%
Topoľčany
34%
Kráľ
33%
Šaľa
33%
Senec
33%
Skalica
33%
Snina
33%
Stará Ľubovňa
33%
Trebišov
33%
Žiar
33%
Nové Mesto nad Váhom
32%
Trstín
32%
Vrútky
32%
Levoča
31%
Púchov
31%
Revúca
31%
Svidník
31%
Zlaté
31%
Bánov
30%
Detva
30%
Hlohovec
30%
Horňa
30%
Kysucké Nové Mesto
30%
Svätý Jur
30%
Turčianske Teplice
30%
Tvrdošín
30%
Gelnica
29%
Poltár
29%
Bytča
28%
Partizánske
28%
Sabinov
28%
Žiar nad Hronom
28%
Medzilaborce
27%
Sobrance
27%
Bánovce nad Bebravou
26%
Fiľakovo
26%
Rajec
26%
Šamorín
26%
Stupava
26%
Trstená
26%
Veľký Krtíš
26%
Zlaté Moravce
26%
Bratislava-Petržalka
25%
Bratislava-Staré Mesto
25%
Gabčíkovo
25%
Holíč
25%
Krupina
25%
Rad
25%
Šahy
25%
Sliač
25%
Spišská Stará Ves
25%
Stropkov
25%
Bojnice
24%
Hurbanovo
24%
Kremnica
24%
Trenčianske Teplice
24%
Záhor
24%
Brezov
23%
Čierna
23%
Liptovský Hrádok
23%
Sereď
23%
Vráble
23%
Vranov nad Topľou
23%
Vrbov
23%
Bratislava-Nové Mesto
22%
Dubnička
22%
Ivanka pri Dunaji
22%
Kúty
22%
Šurany
22%
Bratislava-Devín
21%
Handlová
21%
Liptovský Ján
21%
Nižná
21%
Rajecké Teplice
21%
Spišská Belá
21%
Stará Turá
21%
Žarnov
21%
Žarnovica
21%
Belá
20%
Bratislava-Rača
20%
Bratislava-Ružinov
20%
Gbely
20%
Jabloň
20%
Kolárovo
20%
Nová Baňa
20%
Plaveč
20%
Soľ
20%
Štrba
20%
Svit
20%
Telgárt
20%
Tornaľa
20%
Veľký Meder
20%
Želiezovce
20%
Bernolákovo
19%
Bratislava-Devínska Nová Ves
19%
Donovaly
19%
Jelšava
19%
Nováky
19%
Turá
19%
Tureň
19%
Vrbové
19%
Ždiar
19%
Báb
18%
Bratislava-Podunajské Biskupice
18%
Dubnica nad Váhom
18%
Dudince
18%
Krivá
18%
Leopoldov
18%
Modrý Kameň
18%
Moldava nad Bodvou
18%
Podbrezová
18%
Seč
18%
Staré
18%
Bratislava-Čunovo
17%
Bratislava-Vajnory
17%
Čierna nad Tisou
17%
Hriňová
17%
Lúčka
17%
Šaštín-Stráže
17%
Sládkovičovo
17%
Turany
17%
Biel
16%
Bratislava-Karlova Ves
16%
Bratislava-Lamač
16%
Bratislava-Vrakuňa
16%
Bratislava-Záhorská Bystrica
16%
Chorvátsky Grob
16%
Hnúšťa
16%
Košice-Staré Mesto
16%
Krompachy
16%
Lipany
16%
Margecany
16%
Očkov
16%
Plavecký Štvrtok
16%
Spišské Podhradie
16%
Terchová
16%
Tisovec
16%
Topoľčianky
16%
Turzovka
16%
Veľký Šariš
16%
Bratislava-Dúbravka
15%
Bratislava-Rusovce
15%
Bystrička
15%
Čachtice
15%
Čičmany
15%
Dobšiná
15%
Dunajská Lužná
15%
Háj
15%
Havaj
15%
Kraľovany
15%
Kuchyňa
15%
Medzev
15%
Nová Dubnica
15%
Oravská Polhora
15%
Tomášov
15%
Veľké Kapušany
15%
Abrahám
14%
Gemer
14%
Giraltovce
14%
Janov
14%
Krásno
14%
Kysak
14%
Lúka
14%
Sečovce
14%
Slovenský Grob
14%
Bratislava-Jarovce
13%
Brestov
13%
Brezová pod Bradlom
13%
Čab
13%
Čierne
13%
Dlhá
13%
Gáň
13%
Hybe
13%
Jablonov
13%
Kráľovský Chlmec
13%
Lozorno
13%
Lúčky
13%
Nemšová
13%
Očová
13%
Pleš
13%
Smolenice
13%
Spišské Vlachy
13%
Spišský Štvrtok
13%
Strečno
13%
Sučany
13%
Tlmače
13%
Trenčianska Teplá
13%
Vyšný Kubín
13%
Žabokreky
13%
Zohor
13%
Čata
12%
Červený Kameň
12%
Cífer
12%
Košice-Juh
12%
Košice-Luník IX
12%
Košice-Sever
12%
Kriváň
12%
Lehota
12%
Marianka
12%
Nová Ľubovňa
12%
Oravský Podzámok
12%
Podhradie
12%
Podolínec
12%
Praha
12%
Rovinka
12%
Slovenská Ľupča
12%
Vysoká
12%
Zemplín
12%
Báč
11%
Badín
11%
Bešeňov
11%
Čierny Balog
11%
Dobrá
11%
Dubová
11%
Dúbravka
11%
Hrušov
11%
Jakubov
11%
Kapušany
11%
Klin
11%
Košice-Západ
11%
Malinovo
11%
Nitrianske Pravno
11%
Patince
11%
Ruská
11%
Strážske
11%
Veľké Leváre
11%
Višňov
11%
Záhorská Ves
11%
Abrahámovce
10%
Babín
10%
Báhoň
10%
Banská Belá
10%
Bešeňová
10%
Čaka
10%
Čerín
10%
Chynorany
10%
Hanušovce nad Topľou
10%
Heľpa
10%
Horné Orešany
10%
Ivachnová
10%
Iža
10%
Košice-Šaca
10%
Kováčová
10%
Lieskovec
10%
Lomnička
10%
Ľubochňa
10%
Muráň
10%
Nesvady
10%
Oščadnica
10%
Píla
10%
Pukanec
10%
Šenkvice
10%
Skalité
10%
Slovenské Nové Mesto
10%
Štefanov
10%
Sucháň
10%
Svinná
10%
Zuberec
10%
Batizovce
9%
Beckov
9%
Beluša
9%
Blatnica
9%
Boľ
9%
Brestovany
9%
Dolné Orešany
9%
Dúbrava
9%
Hamuliakovo
9%
Harmanec
9%
Horná Štubňa
9%
Hronský Beňadik
9%
Hubová
9%
Ivanka pri Nitre
9%
Jasenov
9%
Jaslovské Bohunice
9%
Klokoč
9%
Krásno nad Kysucou
9%
Láb
9%
Lok
9%
Lužianky
9%
Makov
9%
Malý Krtíš
9%
Malý Šariš
9%
Miloslavov
9%
Moravský Svätý Ján
9%
Most pri Bratislave
9%
Nemecká
9%
Nová Sedlica
9%
Orechová
9%
Plešivec
9%
Pliešovce
9%
Podhájska
9%
Turie
9%
Valaská
9%
Veľká Ida
9%
Višňové
9%
Žabokreky nad Nitrou
9%
Alekšince
8%
Banka
8%
Bojná
8%
Brusno
8%
Bzovík
8%
Cabaj-Čápor
8%
Dubové
8%
Gánovce
8%
Gerlachov
8%
Hliník nad Hronom
8%
Hontianske Nemce
8%
Horné Srnie
8%
Hradište
8%
Hronsek
8%
Jablonové
8%
Jánovce
8%
Janovce
8%
Kamenica
8%
Karlová
8%
Kľačany
8%
Kľak
8%
Kozárovce
8%
Králiky
8%
Kremnické Bane
8%
Krpeľany
8%
Kuzmice
8%
Lietavská Lúčka
8%
Limbach
8%
Liptovská Osada
8%
Malá Ida
8%
Malé Leváre
8%
Malé Uherce
8%
Michaľany
8%
Nálepkovo
8%
Nová Ves
8%
Oravská Lesná
8%
Oslany
8%
Ostrov
8%
Petrová
8%
Poniky
8%
Sklabiňa
8%
Sklabiná
8%
Sklené
8%
Smižany
8%
Smrdáky
8%
Špania Dolina
8%
Štiavnik
8%
Tajov
8%
Teplička
8%
Varín
8%
Važec
8%
Veľké Uherce
8%
Vrakúň
8%
Vyšné Nemecké
8%
Vyšné Ružbachy
8%
Závadka
8%
Závod
8%
Zbehy
8%
Zemianske Kostoľany
8%
Bánovce nad Ondavou
7%
Biely Kostol
7%
Blatné
7%
Bobrov
7%
Bohdanovce
7%
Boleráz
7%
Borinka
7%
Bošany
7%
Breznička
7%
Brezovička
7%
Búč
7%
Budča
7%
Budmerice
7%
Buková
7%
Bystrá
7%
Častá
7%
Čataj
7%
Čerhov
7%
Červený Kláštor
7%
Čirč
7%
Divín
7%
Dolná Mičiná
7%
Gajary
7%
Hodruša-Hámre
7%
Horná Lehota
7%
Horná Ves
7%
Hrochoť
7%
Jablonica
7%
Jasov
7%
Jelenec
7%
Jesenské
7%
Kalinkovo
7%
Kalná nad Hronom
7%
Kláštor pod Znievom
7%
Kokava nad Rimavicou
7%
Kopčany
7%
Košice-Džungľa
7%
Košice-Nad jazerom
7%
Košice-Ťahanovce
7%
Košťany nad Turcom
7%
Krahule
7%
Krížovany
7%
Lednické Rovne
7%
Lehota pod Vtáčnikom
7%
Liesek
7%
Likavka
7%
Lipník
7%
Nedožery-Brezany
7%
Nižná Boca
7%
Nová Bystrica
7%
Nová Lesná
7%
Pata
7%
Pernek
7%
Plavecké Podhradie
7%
Plavecký Mikuláš
7%
Počúvadlo
7%
Podhorany
7%
Rajecká Lesná
7%
Ratkovo
7%
Rohožník
7%
Ruskov
7%
Rybany
7%
Sása
7%
Sklené Teplice
7%
Skýcov
7%
Slatina
7%
Stakčín
7%
Stará Bystrica
7%
Staré Hory
7%
Štvrtok
7%
Suchá nad Parnou
7%
Šútovo
7%
Svätý Anton
7%
Svrčinovec
7%
Trebatice
7%
Trnavá Hora
7%
Tvrdošovce
7%
Veľké Kostoľany
7%
Vernár
7%
Vieska
7%
Vígľaš
7%
Vištuk
7%
Vlčkovce
7%
Vlkanová
7%
Vojany
7%
Vrbovce
7%
Východná
7%
Vyhne
7%
Vyšná Boca
7%
Zákamenné
7%
Závada
7%
Zázrivá
7%
Zborov
7%
Zvolenská Slatina
7%
Bajč
6%
Bartošova Lehôtka
6%
Beladice
6%
Betliar
6%
Borský Mikuláš
6%
Brezovica
6%
Brodské
6%
Brodzany
6%
Čakajovce
6%
Čaňa
6%
Čereňany
6%
Chtelnica
6%
Dedinky
6%
Doľany
6%
Dolné Srnie
6%
Dolný Bar
6%
Drážovce
6%
Dulov
6%
Fačkov
6%
Golianovo
6%
Horná Mičiná
6%
Horná Streda
6%
Horný Bar
6%
Hrádok
6%
Hraň
6%
Hronská Dúbrava
6%
Hviezdoslavov
6%
Jablonec
6%
Kľačno
6%
Klátova Nová Ves
6%
Komjatice
6%
Košice-Barca
6%
Kostolište
6%
Kostolné
6%
Kvetoslavov
6%
Ladce
6%
Lipová
6%
Liptovské Revúce
6%
Liptovské Sliače
6%
Liptovský Peter
6%
Ľubietová
6%
Lukavica
6%
Mad
6%
Medveďov
6%
Medzibrod
6%
Mýtna
6%
Mýto pod Ďumbierom
6%
Nemce
6%
Nižné Ružbachy
6%
Nová Dedinka
6%
Nová Lehota
6%
Nový Život
6%
Orechová Potôň
6%
Palárikovo
6%
Podhorie
6%
Poruba
6%
Porúbka
6%
Prašice
6%
Predajná
6%
Rabča
6%
Radošina
6%
Raková
6%
Rudno
6%
Selce
6%
Sobotište
6%
Sokoľ
6%
Stankovany
6%
Stará Lesná
6%
Štiavnička
6%
Šumiac
6%
Tomášovce
6%
Trenčianska Turná
6%
Turček
6%
Turčianska Štiavnička
6%
Turňa nad Bodvou
6%
Ubľa
6%
Valaliky
6%
Veľká Lomnica
6%
Veľká Lúka
6%
Veľký Biel
6%
Veľký Klíž
6%
Vysoká pri Morave
6%
Zeleneč
6%
Želovce
6%
Zlatník
6%
Zlatno
6%
Ábelová
5%
Babiná
5%
Bačka
5%
Baka
5%
Baňa
5%
Banské
5%
Banský Studenec
5%
Barca
5%
Benice
5%
Bíňa
5%
Bobot
5%
Bobrovec
5%
Borský Svätý Jur
5%
Bošáca
5%
Branč
5%
Breza
5%
Breznica
5%
Budiš
5%
Bukovec
5%
Bystré
5%
Bystričany
5%
Cerová
5%
Cigeľ
5%
Čremošné
5%
Dedinka
5%
Dobrá Niva
5%
Dobrá Voda
5%
Dobrohošť
5%
Dolná Lehota
5%
Dolná Streda
5%
Dolná Ves
5%
Dolné Lefantovce
5%
Dolný Harmanec
5%
Dolný Hričov
5%
Drahovce
5%
Dražkovce
5%
Drienov
5%
Drietoma
5%
Dubník
5%
Dubovce
5%
Dvorníky
5%
Egreš
5%
Gbeľany
5%
Halič
5%
Haniska
5%
Hôrka
5%
Horné Lefantovce
5%
Horné Pršany
5%
Horný Hričov
5%
Hrnčiarovce nad Parnou
5%
Hronec
5%
Hronská Breznica
5%
Iňa
5%
Jasenica
5%
Jelka
5%
Jelšovce
5%
Kalinov
5%
Klokočov
5%
Koniarovce
5%
Kordíky
5%
Košariská
5%
Košeca
5%
Košice-Krásna
5%
Košice-Sídlisko KVP
5%
Krajné
5%
Krakovany
5%
Kravany
5%
Križovany nad Dudváhom
5%
Kynceľová
5%
Lackov
5%
Lehôtka
5%
Lendak
5%
Lipové
5%
Liptovská Anna
5%
Liptovská Lúžna
5%
Liptovská Teplička
5%
Liptovský Michal
5%
Liptovský Trnovec
5%
Lokca
5%
Lomná
5%
Lovčica-Trubín
5%
Lučivná
5%
Ludanice
5%
Lutila
5%
Madunice
5%
Majcichov
5%
Malachov
5%
Malá Lehota
5%
Malý Lapáš
5%
Maňa
5%
Mengusovce
5%
Michal na Ostrove
5%
Mníchova Lehota
5%
Močenok
5%
Môlča
5%
Moravany
5%
Mošovce
5%
Necpaly
5%
Nezbudská Lúčka
5%
Nitrianske Rudno
5%
Opatovce
5%
Oravce
5%
Osrblie
5%
Ostrá Lúka
5%
Ostratice
5%
Pavlovce
5%
Pažiť
5%
Podkriváň
5%
Podlužany
5%
Podolie
5%
Polomka
5%
Poriadie
5%
Potok
5%
Považany
5%
Povrazník
5%
Príkra
5%
Proč
5%
Pusté Úľany
5%
Rakovice
5%
Rakovo
5%
Riečka
5%
Rudná
5%
Ruskovce
5%
Ružiná
5%
Šarišské Michaľany
5%
Sebechleby
5%
Sebedín-Bečov
5%
Sebedražie
5%
Sekule
5%
Senohrad
5%
Sielnica
5%
Šišov
5%
Slovenské Pravno
5%
Smolník
5%
Solčany
5%
Šoporňa
5%
Spišské Tomášovce
5%
Spišský Štiavnik
5%
Stará Kremnička
5%
Stará Myjava
5%
Streda nad Bodrogom
5%
Studienka
5%
Suchohrad
5%
Tatranská Javorina
5%
Trebostovo
5%
Trnovec
5%
Trstené
5%
Turčianske Kľačany
5%
Turčiansky Peter
5%
Uhrovec
5%
Ulič
5%
Utekáč
5%
Valča
5%
Veľká Lehota
5%
Veľké Hoste
5%
Veľké Pole
5%
Veľké Zálužie
5%
Veľký Lapáš
5%
Veľký Slavkov
5%
Viničné
5%
Vinné
5%
Vinosady
5%
Voderady
5%
Vrícko
5%
Zálesie
5%
Žehra
5%
Zlatníky
5%
Župkov
5%
Babindol
4%
Baláže
4%
Bátovce
4%
Belá-Dulice
4%
Bohdanovce nad Trnavou
4%
Bohunice
4%
Borová
4%
Borovce
4%
Brehy
4%
Brekov
4%
Brestovec
4%
Breziny
4%
Brunovce
4%
Brzotín
4%
Bučany
4%
Bukovce
4%
Bukovina
4%
Bušince
4%
Čaradice
4%
Častkov
4%
Čeľadince
4%
Chudá Lehota
4%
Chvojnica
4%
Cinobaňa
4%
Číž
4%
Ďačov
4%
Ďanová
4%
Demänovská Dolina
4%
Dolinka
4%
Dolná Krupá
4%
Dolná Mariková
4%
Dolná Súča
4%
Dolná Ždaňa
4%
Dolné Naštice
4%
Dolné Obdokovce
4%
Dolné Vestenice
4%
Dúbravica
4%
Hajnáčka
4%
Hlboké
4%
Hlinné
4%
Hniezdne
4%
Horná Mariková
4%
Horná Súča
4%
Horná Ždaňa
4%
Horné Chlebany
4%
Horné Hámre
4%
Horné Obdokovce
4%
Horné Vestenice
4%
Hronské Kľačany
4%
Hrubá Borša
4%
Hrubý Šúr
4%
Hrušovany
4%
Hruštín
4%
Hul
4%
Istebné
4%
Jahodná
4%
Jakubovany
4%
Jalovec
4%
Janík
4%
Janova Lehota
4%
Jastrabá
4%
Kalinovo
4%
Kamanová
4%
Kamenec pod Vtáčnikom
4%
Kamenný Most
4%
Kaplna
4%
Kátov
4%
Kolačno
4%
Konská
4%
Kopernica
4%
Korňa
4%
Košice-Kavečany
4%
Košice-Košická Nová Ves
4%
Košice-Pereš
4%
Košice-Sídlisko Ťahanovce
4%
Kosorín
4%
Kostoľany nad Hornádom
4%
Kovarce
4%
Kozelník
4%
Krivé
4%
Krušovce
4%
Lada
4%
Ladomerská Vieska
4%
Lakšárska Nová Ves
4%
Látky
4%
Lehnice
4%
Letanovce
4%
Lietava
4%
Lipovec
4%
Lipovník
4%
Liptovská Sielnica
4%
Liptovská Štiavnica
4%
Liptovská Teplá
4%
Lisková
4%
Lovča
4%
Lovinobaňa
4%
Ľubica
4%
Ludrová
4%
Lukáčovce
4%
Lukačovce
4%
Lužany
4%
Malé Hoste
4%
Malužiná
4%
Malženice
4%
Michalová
4%
Mlynica
4%
Močiar
4%
Mojš
4%
Motyčky
4%
Mútne
4%
Mužla
4%
Naháč
4%
Nána
4%
Nedanovce
4%
Neded
4%
Nemčice
4%
Nimnica
4%
Nitrianska Blatnica
4%
Nitrianska Streda
4%
Nižná Myšľa
4%
Nolčovo
4%
Nové Sady
4%
Nový Svet
4%
Oponice
4%
Orlov
4%
Ostrý Grúň
4%
Partizánska Ľupča
4%
Petrovce
4%
Pitelová
4%
Podbiel
4%
Podkonice
4%
Podzámčok
4%
Polianka
4%
Poluvsie
4%
Prestavlky
4%
Príbovce
4%
Pribylina
4%
Priechod
4%
Priekopa
4%
Radobica
4%
Radošovce
4%
Rajčany
4%
Rapovce
4%
Raslavice
4%
Rimavská Baňa
4%
Rišňovce
4%
Rohov
4%
Rosina
4%
Rudina
4%
Rudník
4%
Ružindol
4%
Rybky
4%
Šajdíkove Humence
4%
Šelpice
4%
Skačany
4%
Sklabinský Podzámok
4%
Slaská
4%
Slovenská Nová Ves
4%
Solčianky
4%
Sološnica
4%
Špačince
4%
Spišská Teplica
4%
Spišský Hrhov
4%
Stará Lehota
4%
Štefanová
4%
Štiavnické Bane
4%
Štítnik
4%
Stožok
4%
Stráža
4%
Strekov
4%
Strelníky
4%
Šuňava
4%
Tekovská Breznica
4%
Tekovské Nemce
4%
Teplička nad Váhom
4%
Topoľníky
4%
Toporec
4%
Tovarníky
4%
Trenčianske Mitice
4%
Tŕnie
4%
Trnovo
4%
Turčianky
4%
Turčianske Jaseno
4%
Turová
4%
Udavské
4%
Vaďovce
4%
Veličná
4%
Veľká Mača
4%
Veľké Kozmálovce
4%
Veľké Rovné
4%
Veľký Kýr
4%
Vlky
4%
Výčapy-Opatovce
4%
Záhorie (Vojenský Obvod)
4%
Zamarovce
4%
Závadka nad Hronom
4%
Zavar
4%
Závažná Poruba
4%
Zboj
4%
Žemberovce
4%
Žitavany
4%
Zubrohlava
4%
Abovce
3%
Abramová
3%
Adidovce
3%
Ardanovce
3%
Ardovo
3%
Bačkov
3%
Bacúch
3%
Bacúrov
3%
Baďan
3%
Bádice
3%
Baška
3%
Baškovce
3%
Belá nad Cirochou
3%
Belín
3%
Belince
3%
Beluj
3%
Beňadovo
3%
Beňuš
3%
Bílkove Humence
3%
Bíňovce
3%
Biskupice
3%
Biskupová
3%
Bobrovník
3%
Bodíky
3%
Boldog
3%
Bolešov
3%
Braväcovo
3%
Bzenica
3%
Bzovská Lehôtka
3%
Čajkov
3%
Čaklov
3%
Čáry
3%
Častkovce
3%
Čavoj
3%
Čečejovce
3%
Čelovce
3%
Čeľovce
3%
Čenkovce
3%
Červeník
3%
České Brezovo
3%
Chľaba
3%
Chlmec
3%
Chrabrany
3%
Čierna Lehota
3%
Čifáre
3%
Dačov Lom
3%
Dargov
3%
Dechtice
3%
Dedina Mládeže
3%
Dekýš
3%
Demandice
3%
Detvianska Huta
3%
Dežerice
3%
Diaková
3%
Diviacka Nová Ves
3%
Diviaky nad Nitricou
3%
Dlhá nad Oravou
3%
Dlhá Ves
3%
Dlhé nad Cirochou
3%
Dlhé Pole
3%
Dohňany
3%
Dojč
3%
Dolná Poruba
3%
Dolná Seč
3%
Dolná Strehová
3%
Dolná Trnávka
3%
Dolné Dubové
3%
Dolné Zelenice
3%
Dolný Kalník
3%
Dolný Lopašov
3%
Dolný Štál
3%
Družstevná pri Hornáde
3%
Dúbravy
3%
Dunajov
3%
Ďurkov
3%
Dvorany nad Nitrou
3%
Dvory nad Žitavou
3%
Fekišovce
3%
Folkušová
3%
Gbelce
3%
Geča
3%
Gemerská Poloma
3%
Habovka
3%
Hajná Nová Ves
3%
Hájske
3%
Haligovce
3%
Henckovce
3%
Hencovce
3%
Hiadeľ
3%
Hnilčík
3%
Hnilec
3%
Hontianske Tesáre
3%
Horná Krupá
3%
Horná Poruba
3%
Horná Seč
3%
Horné Naštice
3%
Horné Štitáre
3%
Horné Zelenice
3%
Horný Kalník
3%
Horný Tisovník
3%
Horovce
3%
Hostie
3%
Hrabičov
3%
Hrabušice
3%
Hrachovište
3%
Hradisko
3%
Hradište pod Vrátnom
3%
Hranovnica
3%
Hrašné
3%
Hrkovce
3%
Huncovce
3%
Huty
3%
Igram
3%
Ihráč
3%
Ilija
3%
Jablonka
3%
Jacovce
3%
Jamník
3%
Janíky
3%
Jarabá
3%
Jarovnice
3%
Jasenová
3%
Jasenové
3%
Jasenovo
3%
Jazernica
3%
Jedľové Kostoľany
3%
Ješkova Ves
3%
Kalameny
3%
Kamenica nad Cirochou
3%
Kamenín
3%
Kamenná Poruba
3%
Kanianka
3%
Kechnec
3%
Kečovo
3%
Kľače
3%
Klenov
3%
Klenovec
3%
Kluknava
3%
Kľušov
3%
Kočín-Lančár
3%
Kokšov-Bakša
3%
Kolačkov
3%
Komjatná
3%
Korytárky
3%
Košice-Dargovských hrdinov
3%
Košice-Lorinčík
3%
Košice-Myslava
3%
Košice-Poľov
3%
Košice-Šebastovce
3%
Košice-Vyšné Opátske
3%
Košické Oľšany
3%
Košolná
3%
Kostoľany pod Tribečom
3%
Kostolná pri Dunaji
3%
Kostolné Kračany
3%
Kotešová
3%
Kráľova Lehota
3%
Kráľová pri Senci
3%
Kráľovce
3%
Kráľovičove Kračany
3%
Krasňany
3%
Krásnohorské Podhradie
3%
Krásny Brod
3%
Krnča
3%
Krškany
3%
Krtovce
3%
Krušetnica
3%
Kuklov
3%
Kunešov
3%
Kurima
3%
Kvačany
3%
Kyjatice
3%
Kysucký Lieskovec
3%
Ladomirov
3%
Laskár
3%
Lazy pod Makytou
3%
Lednica
3%
Lehôtka pod Brehmi
3%
Lemešany
3%
Lenartov
3%
Lešť (Vojenský Obvod)
3%
Ležiachov
3%
Ličartovce
3%
Liešťany
3%
Lipníky
3%
Liptovská Kokava
3%
Liptovská Porúbka
3%
Liptovské Matiašovce
3%
Litava
3%
Litmanová
3%
Livina
3%
Lom nad Rimavicou
3%
Lošonec
3%
Ľubotice
3%
Lučatín
3%
Lúč na Ostrove
3%
Lúky
3%
Lysá pod Makytou
3%
Malá Čausa
3%
Malá Čierna
3%
Malá Lodina
3%
Malatiná
3%
Malatíny
3%
Malé Kozmálovce
3%
Malé Ripňany
3%
Malé Zálužie
3%
Málinec
3%
Malinová
3%
Malý Čepčín
3%
Malý Slavkov
3%
Marcelová
3%
Markušovce
3%
Martinček
3%
Matovce
3%
Matúškovo
3%
Mestečko
3%
Michalková
3%
Mikušovce
3%
Moča
3%
Modra nad Cirochou
3%
Modrová
3%
Mojmírovce
3%
Mojtín
3%
Moravany nad Váhom
3%
Moravské Lieskové
3%
Moštenica
3%
Nadlice
3%
Nemcovce
3%
Nemečky
3%
Nesluša
3%
Nevidzany
3%
Nevoľné
3%
Nitrianske Hrnčiarovce
3%
Nitrianske Sučany
3%
Nitrica
3%
Nižná Slaná
3%
Nižné Nemecké
3%
Nižný Čaj
3%
Nižný Hrabovec
3%
Nižný Hrušov
3%
Norovce
3%
Nová Bašta
3%
Nová Bošáca
3%
Nová Dedina
3%
Nová Ves nad Žitavou
3%
Novosad
3%
Novoť
3%
Obeckov
3%
Obid
3%
Obišovce
3%
Obyce
3%
Ochodnica
3%
Okoč
3%
Omšenie
3%
Opoj
3%
Oravské Veselé
3%
Orešany
3%
Orovnica
3%
Osturňa
3%
Osuské
3%
Ožďany
3%
Ozdín
3%
Palín
3%
Paňa
3%
Papín
3%
Papradno
3%
Párnica
3%
Pastuchov
3%
Petrova Ves
3%
Plavecký Peter
3%
Plavnica
3%
Plevník-Drienové
3%
Pobedim
3%
Podbranč
3%
Podkylava
3%
Podtureň
3%
Podvysoká
3%
Pohorelá
3%
Pohranice
3%
Poľný Kesov
3%
Popudinské Močidľany
3%
Potvorice
3%
Povina
3%
Pozba
3%
Prašník
3%
Pravenec
3%
Pravotice
3%
Práznovce
3%
Predmier
3%
Prenčov
3%
Preseľany
3%
Prietrž
3%
Prievaly
3%
Prochot
3%
Prosiek
3%
Prša
3%
Pruské
3%
Pružina
3%
Rabčice
3%
Radava
3%
Radôstka
3%
Reca
3%
Rejdová
3%
Repište
3%
Richnava
3%
Rokytov
3%
Rovné
3%
Rudinka
3%
Rudno nad Hronom
3%
Rybník
3%
Šarišské Čierne
3%
Sečovská Polianka
3%
Sedliská
3%
Sedmerovec
3%
Seňa
3%
Šiba
3%
Šíd
3%
Sihelné
3%
Sihla
3%
Silica
3%
Šípkov
3%
Široké
3%
Slanec
3%
Slatinské Lazy
3%
Slovany
3%
Slovenská Ves
3%
Slovenské Ďarmoty
3%
Soblahov
3%
Socovce
3%
Sokolovce
3%
Spišské Bystré
3%
Stará Bašta
3%
Stará Huta
3%
Staškov
3%
Štitáre
3%
Štôla
3%
Stráňavy
3%
Stránske
3%
Štvrtok na Ostrove
3%
Suchá Hora
3%
Šuja
3%
Šuľa
3%
Súlovce
3%
Šurice
3%
Šúrovce
3%
Švábovce
3%
Svätý Kríž
3%
Svätý Peter
3%
Svederník
3%
Sverepec
3%
Svinica
3%
Švošov
3%
Ťapešovo
3%
Tehla
3%
Tekovské Lužany
3%
Temeš
3%
Tepličky
3%
Terany
3%
Tesárske Mlyňany
3%
Trebejov
3%
Trenčianske Bohuslavice
3%
Trenčianske Jastrabie
3%
Trenčianske Stankovce
3%
Trnávka
3%
Tuchyňa
3%
Tupá
3%
Turčiansky Ďur
3%
Turecká
3%
Turík
3%
Tužina
3%
Udiča
3%
Uhliská
3%
Úľany nad Žitavou
3%
Urmince
3%
Valaská Belá
3%
Valaská Dubová
3%
Vavrečka
3%
Veľká Paka
3%
Veľké Dvorany
3%
Veľké Orvište
3%
Veľké Ripňany
3%
Veľké Slemence
3%
Veľké Úľany
3%
Veľký Cetín
3%
Veľký Folkmar
3%
Veľký Grob
3%
Veselé
3%
Vígľašská Huta-Kalinka
3%
Vinica
3%
Visolaje
3%
Víťaz
3%
Vlachy
3%
Vlková
3%
Vojka
3%
Vojka nad Dunajom
3%
Volkovce
3%
Voznica
3%
Vozokany
3%
Vrádište
3%
Vydrník
3%
Vyšná Myšľa
3%
Vyšný Čaj
3%
Vysoká nad Kysucou
3%
Záborie
3%
Zádiel
3%
Zákopčie
3%
Žaškov
3%
Zbyňov
3%
Železná Breznica
3%
Žibritov
3%
Zlatá Idka
3%
Zlaté Klasy
3%
Zliechov
3%
Žlkovce
3%
Adamovské Kochanovce
2%
Andovce
2%
Arnutovce
2%
Babie
2%
Babinec
2%
Bajerov
2%
Baldovce
2%
Balog nad Ipľom
2%
Baloň
2%
Bara
2%
Bardoňovo
2%
Bartošovce
2%
Bašovce
2%
Bátka
2%
Bátorová
2%
Bátorove Kosihy
2%
Beňadiková
2%
Benkovce
2%
Bertotovce
2%
Beša
2%
Bidovce
2%
Bitarová
2%
Blatná na Ostrove
2%
Blatná Polianka
2%
Blažovce
2%
Bobrovček
2%
Bodiná
2%
Bohúňovo
2%
Bojničky
2%
Borčany
2%
Borčice
2%
Borša
2%
Bory
2%
Brežany
2%
Brezany
2%
Brezina
2%
Brezolupy
2%
Brezovec
2%
Brieštie
2%
Brusnica
2%
Brusník
2%
Brvnište
2%
Budimír
2%
Budince
2%
Bušovce
2%
Buzitka
2%
Bzenov
2%
Bzince pod Javorinou
2%
Bziny
2%
Cabov
2%
Čabradský Vrbovok
2%
Čakany
2%
Čebovce
2%
Cejkov
2%
Čekovce
2%
Čeľadice
2%
Čelkova Lehota
2%
Čermany
2%
Černina
2%
Cernina
2%
Červeňany
2%
Červenica
2%
Chlebnice
2%
Chmeľov
2%
Chmiňany
2%
Chminianska Nová Ves
2%
Chminianske Jakubovany
2%
Chocholná-Velčice
2%
Choňkovce
2%
Chotín
2%
Chrasť nad Hornádom
2%
Chrenovec-Brusno
2%
Chropov
2%
Číčov
2%
Čierna Voda
2%
Čierne Kľačany
2%
Čierne nad Topľou
2%
Čierny Potok
2%
Cimenná
2%
Čimhová
2%
Čoltovo
2%
Demjata
2%
Devičie
2%
Diakovce
2%
Divina
2%
Divinka
2%
Dlhá nad Kysucou
2%
Dlhé Klčovo
2%
Dlžín
2%
Dolná Breznica
2%
Dolná Tižina
2%
Dolné Kočkovce
2%
Dolné Lovčice
2%
Dolné Otrokovce
2%
Dolné Semerovce
2%
Dolné Trhovište
2%
Dolný Badín
2%
Dolný Lieskov
2%
Dolný Pial
2%
Dolný Vadičov
2%
Domaníky
2%
Domaniža
2%
Drienovská Nová Ves
2%
Dubno
2%
Dubodiel
2%
Dubovany
2%
Ducové
2%
Dulova Ves
2%
Dulovce
2%
Dunajský Klátov
2%
Ďurčiná
2%
Ďurďoš
2%
Ďurďové
2%
Dvorec
2%
Dvorianky
2%
Farná
2%
Fintice
2%
Fričkovce
2%
Gaboltov
2%
Galovany
2%
Gemerská Hôrka
2%
Gemerská Panica
2%
Gemerské Teplice
2%
Gemerský Jablonec
2%
Gočovo
2%
Gôtovany
2%
Granč-Petrovce
2%
Gregorovce
2%
Gyňov
2%
Haláčovce
2%
Haluzice
2%
Hankovce
2%
Hatné
2%
Herľany
2%
Hermanovce
2%
Hertník
2%
Hervartov
2%
Hladovka
2%
Holčíkovce
2%
Holiare
2%
Holice
2%
Holumnica
2%
Hôrka nad Váhom
2%
Hôrky
2%
Horná Breznica
2%
Horňany
2%
Horná Potôň
2%
Horná Strehová
2%
Horné Dubové
2%
Horné Mladonice
2%
Horné Otrokovce
2%
Horné Saliby
2%
Horné Semerovce
2%
Horné Trhovište
2%
Horný Badín
2%
Horný Lieskov
2%
Horný Pial
2%
Horný Vadičov
2%
Hoste
2%
Hosťovce
2%
Hozelec
2%
Hrabovec
2%
Hrabovka
2%
Hrašovík
2%
Hrhov
2%
Hriadky
2%
Hričovské Podhradie
2%
Hronské Kosihy
2%
Hubice
2%
Hubina
2%
Hucín
2%
Hurbanova Ves
2%
Hutka
2%
Ihľany
2%
Iliašovce
2%
Imeľ
2%
Inovce
2%
Ivančiná
2%
Ivanovce
2%
Ižipovce
2%
Jabloňovce
2%
Jakubany
2%
Jankovce
2%
Jarabina
2%
Jasenie
2%
Jasová
2%
Jatov
2%
Jezersko
2%
Jur nad Hronom
2%
Jurské
2%
Kaľamenová
2%
Kálnica
2%
Kaluža
2%
Kameničany
2%
Kamienka
2%
Kátlovce
2%
Kecerovce
2%
Kendice
2%
Keť
2%
Klasov
2%
Klieština
2%
Klin nad Bodrogom
2%
Klubina
2%
Kochanovce
2%
Kočovce
2%
Kocurany
2%
Kojšov
2%
Kolárovice
2%
Kolonica
2%
Kolta
2%
Komárany
2%
Koňuš
2%
Koplotovce
2%
Koromľa
2%
Košarovce
2%
Košecké Podhradie
2%
Košická Belá
2%
Koškovce
2%
Kostolec
2%
Kostolná Ves
2%
Kostolná-Záriečie
2%
Kotrčiná Lúčka
2%
Kováčovce
2%
Koválov
2%
Koválovec
2%
Kráľovce-Krnišov
2%
Krásna Ves
2%
Krčava
2%
Krivany
2%
Krivoklát
2%
Krivosúd-Bodovka
2%
Krížová Ves
2%
Kružlov
2%
Kšinná
2%
Kukučínov
2%
Kunerad
2%
Kunova Teplica
2%
Kuraľany
2%
Kútniky
2%
Kvašov
2%
Ladomirová
2%
Ladzany
2%
Lastomír
2%
Lazany
2%
Lažany
2%
Lazisko
2%
Lechnica
2%
Lekárovce
2%
Lesnica
2%
Leštiny
2%
Letničie
2%
Leváre
2%
Libichava
2%
Liešno
2%
Lietavská Svinná-Babkov
2%
Lipovany
2%
Lipovce
2%
Liptovské Beharovce
2%
Liptovské Kľačany
2%
Liptovský Ondrej
2%
Livinské Opatovce
2%
Lodno
2%
Lopašov
2%
Lopušné Pažite
2%
Lovce
2%
Ľubeľa
2%
Lubina
2%
Ľubiša
2%
Ľuboreč
2%
Ľuboriečka
2%
Ľubotín
2%
Ľudovítová
2%
Lukov
2%
Lula
2%
Lutiše
2%
Ľutov
2%
Lysica
2%
Machulince
2%
Macov
2%
Majere
2%
Majerovce
2%
Malá Čalomija
2%
Malá Domaša
2%
Malá Franková
2%
Malá Hradná
2%
Malá Mača
2%
Málaš
2%
Malá Tŕňa
2%
Malcov
2%
Malé Borové
2%
Malé Dvorníky
2%
Malé Kršteňany
2%
Malé Lednice
2%
Malý Cetín
2%
Malý Kamenec
2%
Marhaň
2%
Maršová-Rašov
2%
Martin nad Žitavou
2%
Matejovce nad Hornádom
2%
Matiašovce
2%
Medovarce
2%
Medzany
2%
Medzibrodie nad Oravou
2%
Melčice-Lieskové
2%
Meliata
2%
Merašice
2%
Mierovo
2%
Miezgovce
2%
Miková
2%
Mikulášová
2%
Mlynčeky
2%
Mlynky
2%
Mníšek nad Hnilcom
2%
Mníšek nad Popradom
2%
Modrovka
2%
Mokroluh
2%
Mokrý Háj
2%
Moškovec
2%
Motešice
2%
Muránska Dlhá Lúka
2%
Muránska Lehota
2%
Nacina Ves
2%
Ňagov
2%
Nedašovce
2%
Nededza
2%
Nemčiňany
2%
Nenince
2%
Neporadza
2%
Neverice
2%
Nižná Jablonka
2%
Nižná Rybnica
2%
Nižná Sitnica
2%
Nižný Klátov
2%
Nová Kelča
2%
Nová Ves nad Váhom
2%
Nová Vieska
2%
Nový Tekov
2%
Ochtiná
2%
Odorín
2%
Ohradzany
2%
Olcnava
2%
Oľdza
2%
Olešná
2%
Oľka
2%
Omastiná
2%
Ondrašová
2%
Ondrejovce
2%
Opatovce nad Nitrou
2%
Opava
2%
Oravská Jasenica
2%
Oravská Poruba
2%
Oravský Biely Potok
2%
Oreské
2%
Osádka
2%
Osadné
2%
Ostrovany
2%
Otrhánky
2%
Ovčiarsko
2%
Pača
2%
Padáň
2%
Pakostov
2%
Parchovany
2%
Pašková
2%
Paština Závada
2%
Pastovce
2%
Pavčina Lehota
2%
Pavlice
2%
Pavlová
2%
Pavlova Ves
2%
Pavlovce nad Uhom
2%
Pčoliné
2%
Pečeňady
2%
Pečeňany
2%
Pečovská Nová Ves
2%
Petrova Lehota
2%
Petrovany
2%
Petrovice
2%
Petrovo
2%
Pichne
2%
Počarová
2%
Pochabany
2%
Podskalie
2%
Pohronská Polhora
2%
Pohronský Bukovec
2%
Pohronský Ruskov
2%
Pokryváč
2%
Poloma
2%
Poproč
2%
Poráč
2%
Poša
2%
Pôtor
2%
Pozdišovce
2%
Prakovce
2%
Prečín
2%
Pribeta
2%
Pribiš
2%
Priepasné
2%
Prietržka
2%
Prusy
2%
Pucov
2%
Radimov
2%
Radoľa
2%
Radoma
2%
Radvaň nad Dunajom
2%
Radvaň nad Laborcom
2%
Radzovce
2%
Rakša
2%
Rakúsy
2%
Ratkovce
2%
Ratnovce
2%
Ráztočno
2%
Ráztoka
2%
Reľov
2%
Remetské Hámre
2%
Repejov
2%
Richvald
2%
Rohovce
2%
Rokycany
2%
Rovensko
2%
Rozhanovce
2%
Rožkovany
2%
Rudinská
2%
Rudňany
2%
Ruská Bystrá
2%
Ruská Nová Ves
2%
Ruská Voľa
2%
Ruský Hrabovec
2%
Sačurov
2%
Sádočné
2%
Šalgovce
2%
Salka
2%
Santovka
2%
Šarišské Bohdanovce
2%
Šarišský Štiavnik
2%
Šarovce
2%
Sasinkovo
2%
Šašová
2%
Sedliacka Dubová
2%
Selec
2%
Šiatorská Bukovinka
2%
Siladice
2%
Silická Brezová
2%
Šintava
2%
Šípkové
2%
Skalka nad Váhom
2%
Slatina nad Bebravou
2%
Slatinka nad Bebravou
2%
Slavec
2%
Slavnica
2%
Slavošovce
2%
Sľažany
2%
Slepčany
2%
Slivník
2%
Slopná
2%
Slovenská Volová
2%
Slovinky
2%
Smilno
2%
Smolinské
2%
Smrečany
2%
Snežnica
2%
Spišské Hanušovce
2%
Starý Tekov
2%
Štefanovičová
2%
Štefanov nad Oravou
2%
Šterusy
2%
Štós
2%
Stráňany
2%
Stráne pod Tatrami
2%
Streženice
2%
Studená
2%
Stupné
2%
Suché
2%
Sulín
2%
Súľov-Hradná
2%
Šútovce
2%
Sveržov
2%
Svetlice
2%
Svidnička
2%
Svinia
2%
Svodín
2%
Tajná
2%
Telince
2%
Teplý Vrch
2%
Tesáre
2%
Tešedíkovo
2%
Tibava
2%
Timoradza
2%
Tomášikovo
2%
Tôň
2%
Topoľa
2%
Topoľovka
2%
Torysa
2%
Tovarné
2%
Trakovice
2%
Trávnica
2%
Trávnik
2%
Trebichava
2%
Trhová Hradská
2%
Trnkov
2%
Trnovec nad Váhom
2%
Trstená na Ostrove
2%
Trstice
2%
Tulčík
2%
Tvarožná
2%
Tvrdomestice
2%
Úhorná
2%
Uhorská Ves
2%
Uhrovské Podhradie
2%
Uličské Krivé
2%
Unín
2%
Uzovce
2%
Varadka
2%
Vasiľov
2%
Vavrišovo
2%
Včelince
2%
Vechec
2%
Veľká Čalomija
2%
Veľká Čausa
2%
Veľká Čierna
2%
Veľká Franková
2%
Veľká Hradná
2%
Veľká Lesná
2%
Veľká Lodina
2%
Veľká Tŕňa
2%
Veľká Ves
2%
Veľké Bierovce
2%
Veľké Blahovo
2%
Veľké Borové
2%
Veľké Chlievany
2%
Veľké Držkovce
2%
Veľké Dvorníky
2%
Veľké Kršteňany
2%
Veľké Ludince
2%
Veľké Revištia
2%
Veľký Čepčín
2%
Veľký Ďur
2%
Veľký Kamenec
2%
Veľký Lipník
2%
Velušovce
2%
Veterná Poruba
2%
Vikartovce
2%
Viničky
2%
Vitanová
2%
Víťazovce
2%
Vítkovce
2%
Vlachovo
2%
Vlčany
2%
Vlkovce
2%
Vojňany
2%
Voľa
2%
Vrchteplá
2%
Vršatské Podhradie
2%
Výborná
2%
Vydrany
2%
Vydrná
2%
Vyškovce
2%
Vyšná Rybnica
2%
Vyšná Šebastová
2%
Vyšná Sitnica
2%
Vyšná Slaná
2%
Vyšné Remety
2%
Vyšný Hrušov
2%
Vyšný Komárnik
2%
Vysočany
2%
Záborské
2%
Žakovce
2%
Žalobín
2%
Zámutov
2%
Záriečie
2%
Záskalie
2%
Zborov nad Bystricou
2%
Zemianska Olča
2%
Zemianske Podhradie
2%
Zemiansky Vrbovok
2%
Zemné
2%
Zemplínska Nová Ves
2%
Zemplínske Hámre
2%
Zemplínske Jastrabie
2%
Žikava
2%
Žirany
2%
Žitná-Radiša
2%
Zlatná na Ostrove
2%
Zubák
2%
Župčany
2%
Zvončín
2%
Abranovce
1%
Andrejová
1%
Bajany
1%
Bajerovce
1%
Bajka
1%
Bajtava
1%
Becherov
1%
Beharovce
1%
Bellova Ves
1%
Beloveža
1%
Beňatina
1%
Betlanovce
1%
Bežovce
1%
Bielovce
1%
Bijacovce
1%
Blahová
1%
Blatné Remety
1%
Blatné Revištia
1%
Blesovce
1%
Bodorová
1%
Bodružal
1%
Bodza
1%
Bogliarka
1%
Boheľov
1%
Borcová
1%
Bôrka
1%
Branovo
1%
Brdárka
1%
Bretejovce
1%
Bretka
1%
Brezovka
1%
Brhlovce
1%
Bruty
1%
Budiná
1%
Budkovce
1%
Bunkovce
1%
Buzica
1%
Byšta
1%
Bystrany
1%
Bžany
1%
Čabalovce
1%
Čabiny
1%
Čechy
1%
Čeláre
1%
Čerenčany
1%
Černochov
1%
Cerovo
1%
Čertižné
1%
Červená Voda
1%
Červený Hrádok
1%
Cestice
1%
Chmeľnica
1%
Chmeľová
1%
Choča
1%
Chotča
1%
Chrastince
1%
Chrastné
1%
Chrťany
1%
Čierny Brod
1%
Cigeľka
1%
Cigla
1%
Čučma
1%
Devičany
1%
Dlhá nad Váhom
1%
Dobroč
1%
Dolné Mladonice
1%
Dolné Plachtince
1%
Dolné Saliby
1%
Dolné Strháre
1%
Dolný Ohaj
1%
Drábsko
1%
Dravce
1%
Drienica
1%
Drienovec
1%
Drienovo
1%
Drženice
1%
Dubovec
1%
Dubovica
1%
Duplín
1%
Ďurďošík
1%
Ďurková
1%
Ďurkovce
1%
Figa
1%
Fiľakovské Kováče
1%
Forbasy
1%
Frička
1%
Fričovce
1%
Fulianka
1%
Gemerská Ves
1%
Gemerský Sad
1%
Geraltov
1%
Giglovce
1%
Girovce
1%
Glabušovce
1%
Gočaltovo
1%
Gruzovce
1%
Habura
1%
Hačava
1%
Harhaj
1%
Harichovce
1%
Havka
1%
Hažín
1%
Hažín nad Cirochou
1%
Hažlín
1%
Hermanovce nad Topľou
1%
Hlboké nad Váhom
1%
Hodkovce
1%
Holiša
1%
Honce
1%
Hontianske Moravce
1%
Horná Kráľová
1%
Horné Plachtince
1%
Horné Strháre
1%
Hostovice
1%
Hrabkov
1%
Hrabovec nad Laborcom
1%
Hrabské
1%
Hrčeľ
1%
Hrnčiarska Ves
1%
Hrnčiarske Zalužany
1%
Hromoš
1%
Hronovce
1%
Hrubov
1%
Hubovo
1%
Hudcovce
1%
Hunkovce
1%
Husák
1%
Hvozdnica
1%
Ipeľské Predmostie
1%
Ipeľský Sokolec
1%
Jablonov nad Turňou
1%
Jaklovce
1%
Jalšové
1%
Jalšovík
1%
Janovík
1%
Jarok
1%
Jasenovce
1%
Jedlinka
1%
Jenkovce
1%
Jovice
1%
Jurová
1%
Juskova Voľa
1%
Kalná Roztoka
1%
Kalonda
1%
Kalša
1%
Kamenica nad Hronom
1%
Kameničná
1%
Kamenné Kosihy
1%
Kapišová
1%
Karná
1%
Kazimír
1%
Kiarov
1%
Kladzany
1%
Klčov
1%
Kleňany
1%
Kmeťovo
1%
Kobyly
1%
Kokošovce
1%
Koláre
1%
Kolbasov
1%
Kolibabovce
1%
Kolíňany
1%
Kolinovce
1%
Komárov
1%
Komoča
1%
Koprivnica
1%
Košická Polianka
1%
Košický Klečenov
1%
Kosihovce
1%
Kosihy nad Ipľom
1%
Košúty
1%
Kotmanová
1%
Kozí Vrbovok
1%
Kožuchov
1%
Kračúnovce
1%
Kraskovo
1%
Krásna Lúka
1%
Krásnohorská Dlhá Lúka
1%
Kravany nad Dunajom
1%
Kristy
1%
Kríže
1%
Krná
1%
Krokava
1%
Krušinec
1%
Kružlová
1%
Kučín
1%
Kuková
1%
Kurimany
1%
Kurimka
1%
Kurov
1%
Kvakovce
1%
Kyjov
1%
Kyselica
1%
Kysta
1%
Lacková
1%
Lackovce
1%
Ladice
1%
Lascov
1%
Lastovce
1%
Lenartovce
1%
Lentvora
1%
Lesenice
1%
Lesné
1%
Licince
1%
Lieskovany
1%
Lišov
1%
Lomné
1%
Lopúchov
1%
Ľubá
1%
Lubeník
1%
Ľubovec
1%
Lúčina
1%
Luhyňa
1%
Ľutina
1%
Makovce
1%
Malá Poľana
1%
Malé Chyndice
1%
Malé Ludince
1%
Malé Ozorovce
1%
Malé Straciny
1%
Malé Vozokany
1%
Malé Zlievce
1%
Malý Lipník
1%
Mankovce
1%
Martovce
1%
Medvedie
1%
Medzianky
1%
Merník
1%
Mestisko
1%
Michal nad Žitavou
1%
Michalok
1%
Milhosť
1%
Miroľa
1%
Mládzovo
1%
Modrany
1%
Mojzesovo
1%
Mokrá Lúka
1%
Mokrance
1%
Mostová
1%
Mučín
1%
Muľa
1%
Muránska Huta
1%
Mýtne Ludany
1%
Ňárad
1%
Nižná Jedľová
1%
Nižná Polianka
1%
Nižná Voľa
1%
Nižné Ladičkovce
1%
Nižné Repaše
1%
Nižný Mirošov
1%
Nižný Orlík
1%
Nižný Tvarožec
1%
Nižný Žipov
1%
Nová Polhora
1%
Nový Ruskov
1%
Nýrovce
1%
Oborín
1%
Obručné
1%
Ohrady
1%
Okoličná na Ostrove
1%
Okrúhle
1%
Olováry
1%
Oľšavka
1%
Oľšinkov
1%
Ondavka
1%
Ondavské Matiašovce
1%
Opatovská Nová Ves
1%
Orávka
1%
Osikov
1%
Palota
1%
Parihuzovce
1%
Pečenice
1%
Petrovce nad Laborcom
1%
Pinciná
1%
Pinkovce
1%
Piskorovce
1%
Plášťovce
1%
Plavé Vozokany
1%
Podhoroď
1%
Podrečany
1%
Poľany
1%
Porostov
1%
Poruba pod Vihorlatom
1%
Potônske Lúky
1%
Povoda
1%
Pravica
1%
Príbelce
1%
Pribeník
1%
Príslop
1%
Prituľany
1%
Prosačov
1%
Ptičie
1%
Ptrukša
1%
Pušovce
1%
Pusté Pole
1%
Radvanovce
1%
Rakovnica
1%
Rastislavice
1%
Ražňany
1%
Regetovka
1%
Remeniny
1%
Rimavská Seč
1%
Rochovce
1%
Rokytovce
1%
Rokytov pri Humennom
1%
Roškovce
1%
Roštár
1%
Rovňany
1%
Rozložná
1%
Rožňavské Bystré
1%
Roztoky
1%
Rúbaň
1%
Rudlov
1%
Rudnianska Lehota
1%
Rumanová
1%
Runina
1%
Ruská Kajňa
1%
Ruská Poruba
1%
Ruská Voľa nad Popradom
1%
Ruská Volová
1%
Ruský Potok
1%
Rykynčice
1%
Sady nad Torysou
1%
Šandal
1%
Sap
1%
Šarišská Poruba
1%
Šarišské Dravce
1%
Šarišské Jastrabie
1%
Šarkan
1%
Sečianky
1%
Sedlice
1%
Sejkov
1%
Seľany
1%
Šemša
1%
Sikenička
1%
Šimonovce
1%
Širákov
1%
Sirk
1%
Skrabské
1%
Slavoška
1%
Sliepkovce
1%
Slovenská Kajňa
1%
Slovenské Kľačany
1%
Smolnícka Huta
1%
Snakov
1%
Sokoľany
1%
Sokolce
1%
Somotor
1%
Sopkovce
1%
Spišský Hrušov
1%
Stakčínska Roztoka
1%
Stankovce
1%
Stará Halič
1%
Stará Voda
1%
Stebnícka Huta
1%
Stebník
1%
Štefanovce
1%
Stratená
1%
Stredné Plachtince
1%
Stretava
1%
Stročín
1%
Studenec
1%
Stuľany
1%
Suché Brezovo
1%
Sudince
1%
Súdovce
1%
Šurianky
1%
Svätá Mária
1%
Svätoplukovo
1%
Svätuš
1%
Švedlár
1%
Tachty
1%
Tarnov
1%
Tašuľa
1%
Tekolďany
1%
Tekovský Hrádok
1%
Teriakovce
1%
Terňa
1%
Tisinec
1%
Tokajík
1%
Topoľnica
1%
Torysky
1%
Trebušovce
1%
Trhovište
1%
Trnava pri Laborci
1%
Trpín
1%
Trstené pri Hornáde
1%
Tuhrina
1%
Turany nad Ondavou
1%
Turcovce
1%
Tušice
1%
Úbrež
1%
Údol
1%
Uhorské
1%
Uňatín
1%
Uzovský Šalgov
1%
Vagrinec
1%
Vajkovce
1%
Valaškovce (Vojenský Obvod)
1%
Valkovce
1%
Vaľkovňa
1%
Vaniškovce
1%
Varechovce
1%
Veľaty
1%
Velčice
1%
Veľká nad Ipľom
1%
Veľká Ves nad Ipľom
1%
Veľké Chyndice
1%
Veľké Lovce
1%
Veľké Ozorovce
1%
Veľké Straciny
1%
Veľké Vozokany
1%
Veľké Zlievce
1%
Veľký Horeš
1%
Veľký Lom
1%
Vidiná
1%
Vieska nad Žitavou
1%
Virt
1%
Vislanka
1%
Vlača
1%
Vlkas
1%
Vojnatina
1%
Volica
1%
Vrbovka
1%
Vtáčkovce
1%
Výrava
1%
Vyškovce nad Ipľom
1%
Vyšná Jablonka
1%
Vyšná Polianka
1%
Vyšná Voľa
1%
Vyšné Ladičkovce
1%
Vyšný Klátov
1%
Vyšný Medzev
1%
Vyšný Mirošov
1%
Vyšný Orlík
1%
Vyšný Tvarožec
1%
Vysoká nad Uhom
1%
Zábiedovo
1%
Záhorce
1%
Záhradné
1%
Žakarovce
1%
Zalaba
1%
Zalužice
1%
Zbehňov
1%
Žbince
1%
Zbojné
1%
Zbudské Dlhé
1%
Zbudza
1%
Ždaňa
1%
Žehňa
1%
Železník
1%
Žemliare
1%
Zemplínska Široká
1%
Zemplínska Teplica
1%
Zemplínsky Branč
1%
Žihárec
1%
Žíp
1%
Zlatá Baňa
1%
Zombor
1%
Zubné
1%
Bačkovík
0%
Belejovce
0%
Belina
0%
Belža
0%
Beňadikovce
0%
Beniakovce
0%
Blažice
0%
Blhovce
0%
Bočiar
0%
Bodovce
0%
Bodzianske Lúky
0%
Boliarov
0%
Boľkovce
0%
Boťany
0%
Bottovo
0%
Bracovce
0%
Brehov
0%
Brestov nad Laborcom
0%
Brutovce
0%
Buclovany
0%
Budikovany
0%
Buglovce
0%
Bulhary
0%
Bunetice
0%
Čakanovce
0%
Cakov
0%
Čalovec
0%
Čamovce
0%
Čečehov
0%
Čechynce
0%
Černík
0%
Červenica pri Sabinove
0%
Chanava
0%
Chmeľovec
0%
Chorváty
0%
Chrámec
0%
Chvalová
0%
Chyžné
0%
Čičarovce
0%
Čičava
0%
Čierne Pole
0%
Čiližská Radvaň
0%
Čižatice
0%
Čukalovce
0%
Daletice
0%
Danišovce
0%
Ďapalovce
0%
Davidov
0%
Debraď
0%
Dedačov
0%
Detrík
0%
Dlhé Stráže
0%
Dlhoňa
0%
Dobroslava
0%
Dolné Zahorany
0%
Dolný Chotár
0%
Domadice
0%
Domaňovce
0%
Drahňov
0%
Dražice
0%
Drienčany
0%
Drňa
0%
Drnava
0%
Držkovce
0%
Ďubákovo
0%
Dubinné
0%
Dukovce
0%
Dulovo
0%
Dvorníky-Včeláre
0%
Falkušovce
0%
Fijaš
0%
Gemerček
0%
Gemerské Dechtáre
0%
Gemerské Michalovce
0%
Gortva
0%
Gregorova Vieska
0%
Gribov
0%
Hajtovka
0%
Hanigovce
0%
Hanková
0%
Harakovce
0%
Hatalov
0%
Havranec
0%
Helcmanovce
0%
Henclová
0%
Hendrichovce
0%
Hincovce
0%
Hlivištia
0%
Hnojné
0%
Hodejov
0%
Hodejovec
0%
Hokovce
0%
Hontianska Vrbica
0%
Hontianske Trsťany
0%
Horné Mýto
0%
Horné Turovce
0%
Horné Zahorany
0%
Hostice
0%
Hostišovce
0%
Hosťová
0%
Hrabová Roztoka
0%
Hrabovčík
0%
Hrachovo
0%
Hraničné
0%
Hrišovce
0%
Hrlica
0%
Hruboňovo
0%
Hrušovo
0%
Hubošovce
0%
Husiná
0%
Hýľov
0%
Iňačovce
0%
Ipeľské Úľany
0%
Ivanice
0%
Ižkovce
0%
Jakovany
0%
Jakubova Voľa
0%
Jakušovce
0%
Jalová
0%
Janice
0%
Jastrabie nad Topľou
0%
Jastrabie pri Michalovciach
0%
Jelšovec
0%
Jestice
0%
Jovsa
0%
Jurkova Voľa
0%
Kačanov
0%
Kajal
0%
Kaľava
0%
Kalnište
0%
Kaloša
0%
Kameňany
0%
Kapince
0%
Kapušianske Kľačany
0%
Kašov
0%
Kecerovský Lipovec
0%
Kečkovce
0%
Kesovce
0%
Klenová
0%
Klížska Nemá
0%
Kľúčovec
0%
Kobeliarovo
0%
Kobylnice
0%
Koceľovce
0%
Kociha
0%
Kojatice
0%
Kolbovce
0%
Komárovce
0%
Konrádovce
0%
Korejovce
0%
Korunková
0%
Korytné
0%
Kožany
0%
Kožuchovce
0%
Krajná Bystrá
0%
Krajná Poľana
0%
Krajná Porúbka
0%
Krajné Čierno
0%
Kráľová nad Váhom
0%
Kráľov Brod
0%
Krásnovce
0%
Kremná
0%
Krišľovce
0%
Krišovská Liesková
0%
Kručov
0%
Kružná
0%
Kružno
0%
Kubáňovo
0%
Kusín
0%
Ladmovce
0%
Laškovce
0%
Legnava
0%
Lehota nad Rimavicou
0%
Leľa
0%
Leles
0%
Lenka
0%
Lesíček
0%
Levkuška
0%
Livov
0%
Livovská Huta
0%
Lontov
0%
Ložín
0%
Lúčnica nad Žitavou
0%
Lukovištia
0%
Lupoč
0%
Lužany pri Topli
0%
Magnezitovce
0%
Malá nad Hronom
0%
Malčice
0%
Malé Kosihy
0%
Malé Raškovce
0%
Malé Trakany
0%
Malý Horeš
0%
Malý Slivník
0%
Markovce
0%
Markuška
0%
Martinová
0%
Mašková
0%
Maškovce
0%
Matiaška
0%
Maťovské Vojkovce
0%
Matysová
0%
Melek
0%
Mičakovce
0%
Michajlov
0%
Miklušovce
0%
Milpoš
0%
Miňovce
0%
Mirkovce
0%
Mlynárovce
0%
Mošurov
0%
Mrázovce
0%
Mudroňovo
0%
Mudrovce
0%
Muránska Zdychava
0%
Myslina
0%
Nandraž
0%
Nechválova Polianka
0%
Nemešany
0%
Nitra nad Ipľom
0%
Nižná Hutka
0%
Nižná Kamenica
0%
Nižná Olšava
0%
Nižná Pisaná
0%
Nižný Komárnik
0%
Nižný Kručov
0%
Nižný Lánec
0%
Nižný Skálnik
0%
Nižný Slavkov
0%
Nováčany
0%
Nová Polianka
0%
Nové Hony
0%
Nový Salaš
0%
Okružná
0%
Olejníkov
0%
Oľšavce
0%
Oľšavica
0%
Oľšov
0%
Olšovany
0%
Ondrašovce
0%
Opátka
0%
Opiná
0%
Ordzovany
0%
Ortuťová
0%
Otročok
0%
Ovčie
0%
Padarovce
0%
Panické Dravce
0%
Paňovce
0%
Pataš
0%
Pavľany
0%
Peder
0%
Perín-Chym
0%
Petkovce
0%
Petrikovce
0%
Plechotice
0%
Ploské
0%
Podhradík
0%
Poľanovce
0%
Poliakovce
0%
Polichno
0%
Polina
0%
Pongrácovce
0%
Potôčky
0%
Potoky
0%
Prihradzany
0%
Pstriná
0%
Pusté Čemerné
0%
Pusté Sady
0%
Radatice
0%
Radnovce
0%
Rafajovce
0%
Rákoš
0%
Rakovčík
0%
Rakovec nad Ondavou
0%
Rakytník
0%
Rankovce
0%
Rašice
0%
Ratka
0%
Ratková
0%
Ratkovská Lehota
0%
Ratkovská Suchá
0%
Ratkovské Bystré
0%
Ratvaj
0%
Renčišov
0%
Rešica
0%
Rešov
0%
Revúcka Lehota
0%
Rimavské Brezovo
0%
Rimavské Janovce
0%
Rimavské Zalužany
0%
Rumince
0%
Šalgočka
0%
Šalov
0%
Šambron
0%
Šamudovce
0%
Šarbov
0%
Šarišská Trstená
0%
Šarišské Sokolovce
0%
Šávoľ
0%
Sazdice
0%
Selice
0%
Semerovo
0%
Šemetkovce
0%
Seniakovce
0%
Sikenica
0%
Silická Jablonica
0%
Šindliar
0%
Širkovce
0%
Sirník
0%
Šivetice
0%
Skároš
0%
Skerešovo
0%
Slančík
0%
Slanská Huta
0%
Slanské Nové Mesto
0%
Slatvina
0%
Slavkovce
0%
Slizké
0%
Slovenské Krivé
0%
Šmigovec
0%
Soboš
0%
Soľnička
0%
Soľník
0%
Šoltýska
0%
Španie Pole
0%
Šrobárová
0%
Stanča
0%
Starina
0%
Starý Hrádok
0%
Staškovce
0%
Štefurov
0%
Stránska
0%
Strážne
0%
Stretavka
0%
Strihovce
0%
Štrkovec
0%
Suchá Dolina
0%
Sukov
0%
Sušany
0%
Sútor
0%
Svätuše
0%
Svinice
0%
Svrbice
0%
Tichý Potok
0%
Točnica
0%
Tovarnianska Polianka
0%
Trebeľovce
0%
Tročany
0%
Trsťany
0%
Tuhár
0%
Turčok
0%
Turnianska Nová Ves
0%
Tušická Nová Ves
0%
Uloža
0%
Uzovská Panica
0%
Uzovské Pekľany
0%
Váhovce
0%
Valentovce
0%
Valice
0%
Vápeník
0%
Varhaňovce
0%
Vavrinec
0%
Večelkov
0%
Veľká Dolina
0%
Veľké Dravce
0%
Veľké Kosihy
0%
Veľké Raškovce
0%
Veľké Teriakovce
0%
Veľké Trakany
0%
Veľké Turovce
0%
Veľkrop
0%
Veľký Blh
0%
Veľký Slivník
0%
Veľopolie
0%
Vieska nad Blhom
0%
Vinodol
0%
Vinohrady nad Váhom
0%
Vislava
0%
Vladiča
0%
Vlkyňa
0%
Vojčice
0%
Vojkovce
0%
Vojtovce
0%
Vrbnica
0%
Vrbová nad Váhom
0%
Vyšná Hutka
0%
Vyšná Jedľová
0%
Vyšná Kamenica
0%
Vyšná Olšava
0%
Vyšná Pisaná
0%
Vyšné nad Hronom
0%
Vyšné Repaše
0%
Vyšné Valice
0%
Vyšný Hrabovec
0%
Vyšný Kazimír
0%
Vyšný Kručov
0%
Vyšný Skálnik
0%
Vyšný Slavkov
0%
Vyšný Žipov
0%
Zacharovce
0%
Zádor
0%
Zatín
0%
Zbrojníky
0%
Zbudská Belá
0%
Želmanovce
0%
Zemianske Sady
0%
Zemplínske Hradište
0%
Zemplínske Kopčany
0%
Žipov
0%
Žitavce
0%
No matching quizzes found
Score Distribution
Percent of People with Each Score
Percentile by Number Answered
Your Score History
You have not taken this quiz